| 000 | 00585nam a22002057a 4500 | ||
|---|---|---|---|
| 003 | OSt | ||
| 005 | 20130514193042.0 | ||
| 008 | 130514s1993 sp ||||| |||| 00| 0 spa d | ||
| 020 | _a8475099106 | ||
| 040 | _cCDMR | ||
| 100 | 1 |
_91283 _aVilches, Lorenzo |
|
| 245 | 1 | 3 |
_aLa televisión _b: los efectos del bien y del mal _cLorenzo Vilches |
| 260 |
_aBarcelona _bPaidós _c1993 |
||
| 300 | _a206 p. | ||
| 490 | 0 |
_aPaidós Comunicación _v56 |
|
| 650 | 0 | 4 |
_91190 _aTelevisió _xAspectes socials |
| 650 | 0 | 4 |
_9597 _aTelevisió _xInfluència |
| 650 | 0 | 4 |
_93121 _aTeleespectadors |
| 942 |
_2udc _cMON |
||
| 999 |
_c6244 _d6244 |
||